[Event "33rd ECCC Open 2017"]
[Site "Antalya"]
[Date "2017.10.12"]
[Round "5"]
[White "Hove, Esben Kjems"]
[Black "Cirovic, Miroljub"]
[Result "1-0"]
[WhiteElo "2337"]
[BlackElo "2095"]
[Annotator "NA"]
[PlyCount "82"]
[EventType "team-tourn"]
[EventCountry "TUR"]
[SourceTitle "playchess.com"]
[Source "ChessBase"]
[SourceQuality "1"]
[WhiteTeam "Nordkalotten"]
[BlackTeam "Elektroprivreda"]
[TimeControl "40/5400+30:1800+30"]

1. d4 {[%emt 0:00:30]} Nf6 {[%emt 0:01:00]} 2. Nf3 {[%emt 0:00:30]} e6 {[%emt 0:00:30]} 3. Bf4 {[%emt 0:00:30]} c5 {[%emt 0:00:30]} 4. e3 {[%emt 0:00:30]} cxd4 {[%emt 0:01:30]} 5. exd4 {[%emt 0:00:30]} b6 {[%emt 0:00:30]} 6. Nbd2 {[%emt 0:00:00]} Bb7 {[%emt 0:00:30]} 7. Bd3 {[%emt 0:00:00]} Be7 {[%emt 0:01:30]} 8. h3 {[%emt 0:01:30]} O-O {[%emt 0:01:30]} 9. O-O {[%emt 0:00:30]} d6 {[%emt 0:00:00]} 10. c3 {[%emt 0:01:30]} Nbd7 {[%emt 0:03:00] A47: 1 d4 Nf6 2 Nf3 b6: Torre, London and Colle Systems} 11. Bh2 {[%emt 0:05:30]} (11. Re1 Re8 12. Bh2 a6 13. a4 Nf8 14. Ng5 Qd7 15. Qe2 Bc6 16. Bxa6 Bxa4 17. Bd3 Bc6 18. Nc4 {1-0 (82) Giri,A (2755)-Tomashevsky,E (2731) Moscow 2016}) 11... Qc7 {[%emt 0:04:30]} 12. Re1 {[%emt 0:02:30]} h6 $146 {[%emt 0:02:30]} ({Predecessor:} 12... Rfe8 13. a4 a6 14. Rc1 Bf8 15. Nc4 Bc6 16. Nfd2 {½-½ (55) Maes,V (2118)-Lai,H (2334) Netherlands 2016}) 13. a4 {[%emt 0:02:30]} a6 {[%emt 0:00:30]} 14. c4 {[%emt 0:07:30]} Rfe8 {[%emt 0:09:30]} 15. a5 {[%emt 0:03:30]} bxa5 {[%emt 0:05:30]} 16. Qa4 {[%emt 0:01:30]} Bc6 {[%emt 0:05:30]} 17. Qxa5 {[%emt 0:01:30]} Qb7 {[%emt 0:00:30]} 18. Qa3 {[%emt 0:03:30]} d5 {[%emt 0:08:30]} 19. c5 {[%emt 0:04:30]} a5 {[%emt 0:01:30]} 20. Qc3 {[%emt 0:08:30]} Ne4 {[%emt 0:06:30]} 21. Qc2 {[%emt 0:00:30]} Nxd2 {[%emt 0:06:30]} 22. Qxd2 {[%emt 0:03:30]} Qb4 {[%emt 0:03:30]} 23. Bf4 {[%emt 0:09:30]} Qxd2 {[%emt 0:01:30]} 24. Bxd2 {[%emt 0:02:30]} Reb8 {[%emt 0:01:30]} 25. Bxa5 {[%emt 0:03:30]} Rxb2 {[%emt 0:00:30]} 26. Bc7 {[%emt 0:01:30]} Rba2 {[%emt 0:01:30]} 27. Rxa2 {[%emt 0:01:30]} Rxa2 {[%emt 0:00:00]} 28. Rb1 {[%emt 0:00:30]} Ra7 {[%emt 0:04:00]} 29. Bd6 {[%emt 0:11:30]} Bxd6 $14 {[%emt 0:05:30]} 30. cxd6 {[%emt 0:00:00]} f6 {[%emt 0:01:30]} 31. Rc1 {[%emt 0:02:00]} Nb8 {[%emt 0:00:30]} 32. Bb5 {[%emt 0:00:30]} Bxb5 {[%emt 0:00:30]} 33. Rc8+ {[%emt 0:00:00]} Kf7 {[%emt 0:00:30]} 34. Rc7+ {[%emt 0:00:00]} Nd7 {[%emt 0:02:30]} 35. Rxa7 {[%emt 0:00:30]} g5 {[%emt 0:00:30]} 36. Rb7 {[%emt 0:01:30]} Bc6 {[%emt 0:00:30]} 37. Rc7 {[%emt 0:00:30]} Bb5 {[%emt 0:00:30]} 38. g4 {[%emt 0:04:44]} Ke8 {[%emt 0:01:30]} 39. Ra7 {[%emt 0:01:19]} e5 {[%emt 0:00:30]} 40. dxe5 {[%emt 0:00:00]} fxe5 {[%emt 0:30:30]} 41. Nxe5 {[%emt 0:01:57]} Nxe5 {[%emt 0:00:00]} 1-0

[Event "33rd ECCC Open 2017"]
[Site "Antalya"]
[Date "2017.10.12"]
[Round "5"]
[White "Abbas, Daniel"]
[Black "Steingrimsson, Hedinn"]
[Result "1/2-1/2"]
[WhiteElo "2329"]
[BlackElo "2576"]
[Annotator "TA"]
[PlyCount "56"]
[EventType "team-tourn"]
[EventCountry "TUR"]
[SourceTitle "playchess.com"]
[Source "ChessBase"]
[SourceQuality "1"]
[WhiteTeam "3CS Oldham"]
[BlackTeam "Fjolnir"]

{[%evp 17,56,10,15,12,10,9,14,0,18,0,0,0,0,0,0,0,0,0,0,0,0,0,0,0,0,0,0,0,0,0,0,0,0,0,0,0,0,0,0,0,0]} 1. e4 c5 2. Nf3 d6 3. Bb5+ Nd7 4. O-O a6 5. Bd3 Ngf6 6. Re1 {B51: Sicilian: Moscow Variation (3 Bb5+) without 3...Bd7} (6. c3 g6 7. Re1 Bg7 8. Bf1 b5 9. d4 cxd4 10. cxd4 Bb7 11. e5 dxe5 12. dxe5 Nd5 13. e6 fxe6 14. Ng5 Nc5 15. Qf3 Rf8 16. Qh3 {½-½ (40) Navara,D (2737)-Nepomniachtchi,I (2751) Saint Louis 2017}) 6... b5 7. c4 bxc4 8. Bxc4 Nb6 9. Bb3 e5 {LiveBook: 5 Games. The position is equal.} 10. d3 Be7 11. Nc3 O-O 12. h3 h6 $146 ({Predecessor:} 12... Ne8) 13. Nh4 Nxe4 14. Ng6 Nxc3 15. bxc3 Re8 16. Qh5 Be6 17. Bxe6 fxe6 18. Bxh6 gxh6 {[#]} 19. Nxe5 $1 {[%mdl 512]} dxe5 20. Qg6+ Kf8 $1 {[%cal Bg8f8,Bf8f7,Bf7f6][%mdl 32]} 21. Qxh6+ Kf7 22. Qh7+ Kf6 {[#] White must now prevent ...Rh8.} 23. f4 $1 {[%mdl 512]} exf4 24. Qh6+ Kf7 25. Qh7+ Kf6 {Strongly threatening ...Rh8.} 26. Qh6+ Kf7 27. Qh7+ Kf6 {...Rh8 is the strong threat.} 28. Qh6+ Kf7 1/2-1/2

[Event "33rd ECCC Open 2017"]
[Site "Antalya"]
[Date "2017.10.12"]
[Round "5"]
[White "Germanavicius, Sarunas"]
[Black "Bokros, Albert"]
[Result "0-1"]
[WhiteElo "2326"]
[BlackElo "2482"]
[Annotator "TA"]
[PlyCount "68"]
[EventType "team-tourn"]
[EventCountry "TUR"]
[SourceTitle "playchess.com"]
[Source "ChessBase"]
[SourceQuality "1"]
[WhiteTeam "MAKABI"]
[BlackTeam "Dunajska Streda"]

{[%evp 17,68,21,11,-54,-7,-16,-10,-22,-16,-21,-40,-20,-21,-34,-14,-84,19,18,15,0,0,0,94,102,88,77,110,124,171,106,97,72,89,79,83,-4,24,-38,-40,-127,-136,-162,-150,-266,-263,-248,-242,-1264,-1190,-1969,-1880,-2070,-2184]} 1. d4 e6 2. c4 b6 3. Nf3 Bb7 4. g3 Bb4+ 5. Bd2 Bxf3 6. exf3 Bxd2+ 7. Qxd2 d5 8. cxd5 {A40: Unusual replies to 1 d4} Qxd5 9. Nc3 Qxf3 {LiveBook: 6 Games} 10. d5 $146 (10. Rg1 $11 c6 11. Bg2) ({Predecessor:} 10. Rg1 c6 11. Bg2 Qh5 12. Qf4 Ne7 13. g4 Qa5 14. O-O-O O-O 15. Kb1 Na6 {1-0 (41) Chuchelov,V (2544)-Vallejo Pons,F (2660) Germany 2008}) 10... Nf6 11. Rg1 Ne4 12. Qd4 Nxc3 13. bxc3 O-O ({Don't blunder} 13... Qxd5 $2 14. Qxg7 Qe4+ 15. Kd2 $18) 14. Bg2 Qf5 15. g4 Qg6 {And now ...exd5 would win.} 16. Be4 (16. d6 $11 {remains equal.} c6 17. O-O-O) 16... e5 (16... f5 $1 $17 {[%cal Rf5e4]} 17. Bc2 (17. dxe6 $2 Nc6 $17) 17... e5 $1 {[%mdl 512]}) 17. Qd3 $1 $11 Qh6 18. Rg3 {Threatens to win with Rh3.} g6 ({Wrong is} 18... Qxh2 $2 19. Ke2 $18) 19. g5 $36 {[%mdl 2048] White is pushing.} Qg7 (19... Qh4 $11) 20. d6 $16 c6 21. O-O-O Nd7 22. Bxc6 Nc5 23. Qc4 ({White should play} 23. Qd5 $18 Rad8 24. Re3) 23... Rad8 24. h4 Kh8 {[#]} 25. Re3 $1 f6 {[%cal Bf7f6,Bf6g5,Bg5h4][%mdl 32]} 26. Rd5 (26. f4 $16) 26... e4 27. Rxc5 ({Better is} 27. Rd2 $11) 27... bxc5 $15 28. Qxc5 (28. Qe6 $15) 28... fxg5 $17 {Hoping for ...Rf5.} 29. d7 Rf5 (29... Rxf2 30. Rxe4 Rff8 31. hxg5 $14) 30. Qb4 {[#]} (30. Qxa7 $17 gxh4 31. Kd1) 30... Qf6 $1 $19 {[%cal Rf6c6]} ({Weaker is} 30... gxh4 31. Rxe4 Rxf2 32. Rxh4 $17) 31. Qxe4 {aiming for hxg5.} gxh4 32. Qb4 $2 (32. Qe7) 32... Qxc6 {Black is clearly winning.} 33. Qd4+ Kg8 34. Re7 Rf7 {Precision: White = 24%, Black = 58%.} 0-1

[Event "33rd ECCC Open 2017"]
[Site "Antalya"]
[Date "2017.10.12"]
[Round "5"]
[White "Roobol, Martin"]
[Black "Khairullin, Ildar"]
[Result "0-1"]
[WhiteElo "2289"]
[BlackElo "2614"]
[Annotator "TA"]
[PlyCount "104"]
[EventType "team-tourn"]
[EventCountry "TUR"]
[SourceTitle "playchess.com"]
[Source "ChessBase"]
[SourceQuality "1"]
[WhiteTeam "Leiden"]
[BlackTeam "Mednyi Vsadnik"]

{[%evp 17,104,0,-3,-8,13,5,-1,-44,-41,-35,-39,-50,-49,-53,-25,-16,-25,-17,-17,-17,-17,-17,-17,-17,-17,-17,-17,-13,-15,-12,-11,-16,-6,-14,-7,-16,-6,-8,-8,-8,-8,-116,-116,-161,-148,-182,-178,-278,-279,-281,-194,-194,-195,-200,-202,-170,-72,-93,0,-94,-94,-94,-94,-94,-94,-94,-96,-99,-104,-109,-112,-243,-244,-279,-280,-251,-219,-293,-307,-398,-300,-452,-410,-820,-681,-650,-893,-29973,-29974]} 1. d4 Nf6 2. c4 e6 3. Nc3 Bb4 4. e3 O-O 5. Nge2 Re8 6. a3 Bf8 7. Nf4 {E46: Nimzo-Indian: Rubinstein: 4 e3 0-0 5 Ne2 without early Bd3} (7. g3 d5 8. cxd5 exd5 9. Bg2 a5 10. O-O Na6 11. Nf4 c6 12. f3 c5 13. Kh1 Nc7 14. g4 h6 15. Nce2 {0-1 (54) Nakamura,H (2787)-Carlsen,M (2853) chess.com INT 2016}) 7... d6 8. Be2 Nbd7 9. O-O c6 {LiveBook: 3 Games} 10. b4 $146 ({Predecessor:} 10. b3 g6 11. Nd3 e5 12. dxe5 dxe5 13. e4 Nc5 14. Nxc5 Qxd1 15. Rxd1 Bxc5 {0-1 (50) Kumar,N (2444)-Hambleton,A (2441) Charlotte 2017}) 10... g6 11. Bb2 e5 12. Nd3 exd4 13. exd4 Nb6 14. Nf4 Bh6 15. Bc1 $1 Bg7 16. c5 dxc5 17. bxc5 Nbd5 18. Ncxd5 Nxd5 19. Nxd5 Qxd5 20. Be3 Bf5 21. Bf3 Be4 22. Rb1 Re7 23. Bxe4 Qxe4 24. Rb4 Rd8 25. Bg5 {[#] Hoping for d5.} f6 26. Be3 Rdd7 27. Qb3+ Qd5 28. Qxd5+ Rxd5 29. Bf4 (29. Rfb1 $11) 29... f5 $17 30. Bd6 Rd7 31. Rd1 b5 {[%cal Bb7b5,Bb5b4,Bb4b3][%mdl 32]} 32. a4 (32. Kf1 {keeps fighting.}) 32... a5 $19 33. Rb3 b4 ({Don't play} 33... bxa4 34. Rbd3 $19) 34. Rbd3 {[#]} Rb7 $1 35. f4 b3 36. Be5 Bf8 (36... Bxe5 $19 37. fxe5 Kf7) 37. Rc3 Bg7 ({Black should play} 37... b2 $17 38. Rb1 Bg7) 38. Rb1 (38. Rcd3 $1 $11) 38... Rxd4 39. Rcxb3 Rxb3 40. Rxb3 {aiming for Rb8+.} Bxe5 ({Wrong is} 40... Rxa4 $2 41. Rb8+ Bf8 42. Bd6 $18) 41. fxe5 $17 {[%mdl 4096] Endgame KR-KR} Kf7 42. Rb6 Ke6 {White must now prevent ...Kd5.} 43. Rxc6+ Kxe5 44. Ra6 (44. Rc7 $17) 44... Rxa4 $19 45. c6 Kd6 46. Kf2 g5 47. h3 h5 48. Ke2 Kc7 49. Kf2 (49. Ra7+ $142 Kxc6 50. Ra6+ Kd5 51. Rh6) 49... Ra2+ 50. Kf1 (50. Ke3 $142) 50... a4 {[%cal Ba5a4,Ba4a3][%mdl 32]} 51. Ra5 a3 52. Rxf5 Rb2 {Precision: White = 41%, Black = 65%.} 0-1

[Event "33rd ECCC Open 2017"]
[Site "Antalya"]
[Date "2017.10.12"]
[Round "5"]
[White "Ronka, Erik"]
[Black "Kveinys, Aloyzas"]
[Result "0-1"]
[WhiteElo "2287"]
[BlackElo "2535"]
[Annotator "TA"]
[PlyCount "72"]
[EventType "team-tourn"]
[EventCountry "TUR"]
[SourceTitle "playchess.com"]
[Source "ChessBase"]
[SourceQuality "1"]
[WhiteTeam "Etela-Vantaan"]
[BlackTeam "Riga"]

{[%evp 15,71,34,38,35,56,47,103,102,118,99,95,102,141,120,147,122,129,71,57,43,48,22,41,0,63,25,49,0,16,-85,-22,-108,-29,-39,43,24,24,-113,15,-95,21,-227,-72,-285,-264,-264,-256,-379,-390,-753,-725,-595,-525,-519,-498,-1334,-1306,-29999]} 1. d4 Nf6 2. c4 e6 3. Nc3 Bb4 4. f3 c5 5. d5 Bxc3+ 6. bxc3 d6 7. e4 Qe7 {E20: Nimzo-Indian: 4 g3 and 4 f3} 8. Bd3 Nbd7 {LiveBook: 3 Games} 9. Ne2 (9. a4 exd5 10. cxd5 Nxd5 11. Ne2 N5f6 12. O-O O-O 13. c4 Ne5 14. Bg5 h6 15. Bh4 {1-0 (33) Mamedyarov,S (2742)-Karpov,A (2651) Moscow 2008}) 9... h6 {White is slightly better.} 10. Ng3 g6 (10... O-O $14) 11. O-O $16 {[%cal Bh1f1,Bf1f2,Bf2b2][%mdl 32]} e5 12. Rf2 $146 ({Predecessor:} 12. a4 a5 13. Rb1 Ra6 14. Rb5 Ng8 15. Qb3 {0-1 (68) Bogdanovich,G (2375)-Kunz,K Wuerzburg 1996}) 12... Nf8 13. Rb2 Kd8 14. Be3 h5 15. Rab1 h4 16. Ne2 (16. Nf1 $142) 16... Nh5 17. Qc1 f6 18. Rb5 g5 19. Qa3 Nd7 (19... Nf4 $11 20. Nc1 Ke8) 20. Nc1 Nf4 21. Bf1 b6 (21... f5 $5) 22. Qb2 (22. Nd3 $11) 22... Qh7 (22... f5 $17 23. exf5 Nf6) 23. Qc2 {[#]} (23. Qf2 $11) 23... Rf8 (23... f5 $1 $17 {...Nf6 is the strong threat.} 24. exf5 Nf6) 24. a4 a5 ({Black should play} 24... f5 $15) 25. R5b2 Kc7 26. Kf2 (26. Nd3 $11) 26... Rh8 ({Black should try} 26... Rb8 $17) 27. Ke1 (27. Nd3 $11 {keeps the balance.}) 27... Ba6 ({Better is} 27... Rb8 $17) 28. Qd1 $2 {[#]} (28. h3 $11) 28... Rab8 $2 (28... f5 $1 $19 {is more deadly. Strongly threatening ...h3.} 29. exf5 Qxf5) 29. g3 $2 (29. Nd3 $17 {was worth a try.}) 29... hxg3 $19 30. hxg3 Qh1 {aiming for ...Bxc4.} 31. gxf4 (31. Nd3 $142 Bxc4 32. gxf4 exf4 33. Bd4) 31... exf4 32. Bxc5 $2 (32. Bd4 cxd4 33. cxd4) 32... bxc5 33. Rxb8 Rxb8 34. Rxb8 Kxb8 35. Nb3 (35. Nd3 $142 Bxc4 36. Kd2) 35... Bxc4 36. Nd2 Qh4# {Precision: White = 11%, Black = 39%.} 0-1

[Event "33rd ECCC Open 2017"]
[Site "Antalya"]
[Date "2017.10.12"]
[Round "5"]
[White "Barp, Alberto"]
[Black "Huzman, Alexander"]
[Result "0-1"]
[WhiteElo "2277"]
[BlackElo "2549"]
[Annotator "TA"]
[PlyCount "98"]
[EventType "team-tourn"]
[EventCountry "TUR"]
[SourceTitle "playchess.com"]
[Source "ChessBase"]
[SourceQuality "1"]
[WhiteTeam "Augusta Perusia"]
[BlackTeam "Beer Sheva"]

{[%evp 21,97,8,19,3,2,7,6,7,0,0,0,0,0,0,0,-83,-70,-85,-81,-92,-98,-98,-92,-99,-94,-94,-94,-104,-95,-103,-104,-114,-116,-136,-129,-136,-142,-154,-131,-190,-131,-205,-190,-229,-212,-234,-227,-206,-167,-224,-230,-230,-229,-222,-218,-294,-302,-264,-279,-579,-562,-563,-573,-581,-566,-489,-525,-341,-316,-565,-574,-4918,-4562,-29977,-29977,-29963,-29964,-29999]} 1. d4 d5 2. c4 c6 3. Nf3 Nf6 4. g3 g6 5. Bg2 Bg7 6. O-O O-O 7. Nbd2 a5 8. b3 Ne4 9. Bb2 Bf5 10. Nh4 Nxd2 11. Qxd2 Be6 {LiveBook: 40 Games} 12. Nf3 {D78: Fianchetto Grünfeld: 6 0-0 c6} dxc4 $146 ({Predecessor:} 12... h6 13. Ne5 dxc4 14. Nxc4 Nd7 15. Rfd1 Bd5 16. e4 Bxc4 17. bxc4 Qc7 18. f4 e6 19. e5 Rfd8 {1-0 (37) Rodshtein,M (2673)-Kramer,J (2312) Skopje 2015}) 13. Ng5 Qd7 14. Nxe6 {The position is equal.} (14. bxc4 {keeps more tension.} Bxc4 15. Rfc1 Ba6 16. Ne4 b6 17. e3) 14... Qxe6 15. d5 c3 $1 {[%cal Rc3d2]} 16. Bxc3 Bxc3 17. Qxc3 cxd5 18. Qd3 (18. Rfd1 $11) 18... Rd8 $17 19. Rfd1 {[%cal Rg2d5] [#]} Qb6 $1 20. Qe3 Qxe3 21. fxe3 e6 22. e4 {[%cal Re4d5]} d4 23. e5 Nc6 24. Rac1 Nxe5 25. Bxb7 Ra7 26. Bg2 Kg7 27. h3 f5 28. Rc5 Kf6 29. Rb5 Rd6 30. Kf2 (30. g4 $17 {is a better defense.} h6 31. a4) 30... g5 ({Better is} 30... a4 $19 31. b4 d3) 31. a4 (31. g4 $17) 31... h5 $19 32. b4 axb4 33. Rxb4 d3 34. Bf1 Rda6 35. exd3 (35. Ra1 {was worth a try.}) 35... Rxa4 36. Rxa4 Rxa4 {[%mdl 4096] Endgame KRB-KRN} 37. d4 Nc4 38. d5 Nd6 39. dxe6 Ne4+ ({Resist} 39... Kxe6 40. Bg2 $17) 40. Kf3 $2 {[#]} (40. Kg2) 40... g4+ 41. hxg4 hxg4+ 42. Kg2 Ra2+ 43. Kg1 Nxg3 44. Bc4 Rc2 45. Bb3 $2 (45. Re1 {might work better.} Ke7 46. Bb3) 45... Rb2 46. Bc4 {Now Rd8 and White clings on.} f4 {[%cal Bf5f4,Bf4f3][%mdl 32]} 47. Rd7 f3 {[%csl Gf3][%cal Rb2g2] Black mates.} 48. Rf7+ Ke5 {[%csl Gf3][%cal Rb2g2]} 49. e7 Rg2# {Precision: White = 30%, Black = 87%.} 0-1

[Event "33rd ECCC Open 2017"]
[Site "Antalya"]
[Date "2017.10.12"]
[Round "5"]
[White "Lavendelis, Egons"]
[Black "Salo, Heikki"]
[Result "1/2-1/2"]
[WhiteElo "2274"]
[BlackElo "2228"]
[Annotator "NA"]
[PlyCount "120"]
[EventType "team-tourn"]
[EventCountry "TUR"]
[SourceTitle "playchess.com"]
[Source "ChessBase"]
[SourceQuality "1"]
[WhiteTeam "Riga"]
[BlackTeam "Etela-Vantaan"]
[TimeControl "40/5400+30:1800+30"]

1. e4 {[%emt 0:00:30]} e5 {[%emt 0:01:00]} 2. Nf3 {[%emt 0:00:30]} Nf6 {[%emt 0:00:30]} 3. Nxe5 {[%emt 0:00:30]} d6 {[%emt 0:00:30]} 4. Nf3 {[%emt 0:00:30]} Nxe4 {[%emt 0:00:30]} 5. Bd3 {[%emt 0:00:30]} Nf6 {[%emt 0:00:30]} 6. O-O {[%emt 0:00:30]} Be7 {[%emt 0:00:30]} 7. h3 {[%emt 0:00:30]} O-O {[%emt 0:00:30]} 8. c3 {[%emt 0:00:30] C42: Petroff Defence: 3 Nxe5 and unusual White 3rd moves} b6 {[%emt 0:00:00]} 9. Bc2 {[%emt 0:00:00]} Bb7 {[%emt 0:00:00]} 10. d4 {[%emt 0:00:00]} Nbd7 {[%emt 0:01:30]} 11. Re1 {[%emt 0:00:30]} (11. Nbd2 Re8 12. Nc4 a5 13. Ne3 g6 {0-1 (68) Short,N (2698)-Wang,Y (2691) Poikovsky 2012}) 11... Re8 {[%emt 0:03:30]} 12. Bg5 {[%emt 0:04:30]} Nf8 {[%emt 0:04:30]} 13. Nbd2 {[%emt 0:09:30]} N6d7 $146 {[%emt 0:38:30]} ({Predecessor:} 13... Ng6 14. Ba4 Nd7 15. Be3 a6 {0-1 (53) Carlsen,M (2567)-Lagno,K (2472) Lausanne 2004}) 14. Be3 {[%emt 0:05:30]} a6 {[%emt 0:07:30]} 15. Nf1 {[%emt 0:07:30]} Bf6 {[%emt 0:13:30]} 16. N3h2 {[%emt 0:07:30]} b5 {[%emt 0:04:30]} 17. Ng4 {[%emt 0:05:30]} Bh4 {[%emt 0:01:30]} 18. b3 {[%emt 0:06:30]} Nf6 {[%emt 0:03:26]} 19. g3 {[%emt 0:02:30]} Nxg4 {[%emt 0:00:30]} 20. Qxg4 {[%emt 0:00:00]} Bf6 {[%emt 0:00:00]} 21. Kh2 {[%emt 0:01:00]} Qd7 {[%emt 0:00:31]} 22. Qxd7 {[%emt 0:01:30]} Nxd7 {[%emt 0:00:02]} 23. Rac1 {[%emt 0:06:30]} Nb6 {[%emt 0:00:32]} 24. c4 {[%emt 0:01:30]} b4 {[%emt 0:14:21]} 25. Nd2 {[%emt 0:17:30]} g6 {[%emt 0:00:16]} 26. d5 {[%emt 0:00:30]} Nd7 {[%emt 0:00:47]} 27. Ne4 {[%emt 0:02:30]} Bg7 {[%emt 0:00:24]} 28. f4 {[%emt 0:00:06]} a5 {[%emt 0:01:10]} 29. g4 {[%emt 0:05:16]} Re7 {[%emt 0:00:29]} 30. Bf2 {[%emt 0:01:09]} Rae8 {[%emt 0:01:42]} 31. Ng3 {[%emt 0:00:59]} Bc3 {[%emt 0:00:14]} 32. Rxe7 {[%emt 0:00:39]} Rxe7 {[%emt 0:00:01]} 33. Ne4 {[%emt 0:02:24]} Bb2 {[%emt 0:00:13]} 34. Rb1 {[%emt 0:01:53]} Bg7 {[%emt 0:00:14]} 35. Re1 {[%emt 0:00:48]} Nf6 {[%emt 0:01:14]} 36. Bh4 {[%emt 0:02:59]} Kf8 {[%emt 0:00:44]} 37. f5 {[%emt 0:00:12]} gxf5 {[%emt 0:00:29]} 38. Nxf6 {[%emt 0:01:07]} Bxf6 {[%emt 0:00:44]} 39. Rxe7 {[%emt 0:00:20]} Bxe7 {[%emt 0:00:51]} 40. Bxe7+ {[%emt 0:00:40]} Kxe7 {[%emt 0:30:30]} 41. Bxf5 {[%emt 0:00:28]} h6 {[%emt 0:00:00]} 42. Kg3 {[%emt 0:02:30]} Kf6 {[%emt 0:00:00]} 43. Kf4 {[%emt 0:01:30]} c6 {[%emt 0:00:00] [#]} 44. dxc6 {[%emt 0:04:30]} (44. c5 $1 $16 {[%cal Rc5d6]} Ke7 45. dxc6 Bxc6 46. cxd6+ Kxd6 47. Bd3) 44... Bxc6 {[%emt 0:00:00]} 45. h4 {[%emt 0:00:00]} Bb7 {[%emt 0:00:00]} 46. g5+ {[%emt 0:00:00]} hxg5+ {[%emt 0:00:00]} 47. hxg5+ {[%emt 0:00:30]} Ke7 {[%emt 0:00:00]} 48. Ke3 $11 {[%emt 0:00:30]} Ba6 {[%emt 0:00:16]} 49. Kd4 {[%emt 0:00:30]} Bb7 {[%emt 0:00:55]} 50. c5 {[%emt 0:05:30]} Bc6 {[%emt 0:01:33]} 51. Bh7 {[%emt 0:02:30]} Bf3 {[%emt 0:02:33]} 52. Bg8 {[%emt 0:00:30]} dxc5+ {[%emt 0:00:00]} 53. Kxc5 {[%emt 0:00:30]} Be4 {[%emt 0:00:00]} 54. Kb5 {[%emt 0:00:30]} Bb1 {[%emt 0:01:28]} 55. Kxa5 {[%emt 0:00:00]} Bxa2 {[%emt 0:00:10]} 56. Kxb4 {[%emt 0:00:00]} Bb1 {[%emt 0:00:00]} 57. Kc4 {[%emt 0:00:30]} Kf8 {[%emt 0:00:00]} 58. Bxf7 {[%emt 0:00:30]} Kxf7 {[%emt 0:00:17]} 59. b4 {[%emt 0:00:30]} Be4 {[%emt 0:00:16]} 60. Kd4 {[%emt 0:00:00]} Bb7 {[%emt 0:00:00]} 1/2-1/2

[Event "33rd ECCC Open 2017"]
[Site "Antalya"]
[Date "2017.10.12"]
[Round "5"]
[White "Johannesson, Oliver"]
[Black "Longson, Alexander"]
[Result "1/2-1/2"]
[WhiteElo "2273"]
[BlackElo "2317"]
[Annotator "NA"]
[PlyCount "91"]
[EventType "team-tourn"]
[EventCountry "TUR"]
[SourceTitle "playchess.com"]
[Source "ChessBase"]
[SourceQuality "1"]
[WhiteTeam "Fjolnir"]
[BlackTeam "3CS Oldham"]
[TimeControl "40/5400+30:1800+30"]

1. d4 d5 2. c4 dxc4 3. Nf3 Nf6 4. e3 e6 5. Bxc4 c5 6. O-O a6 7. Qe2 b5 {[%emt 0:02:00]} 8. Bb3 {[%emt 0:04:00]} Bb7 {[%emt 0:00:00]} 9. Rd1 {[%emt 0:01:30]} Nbd7 {[%emt 0:00:00]} 10. a4 {[%emt 0:01:30]} b4 {[%emt 0:05:30]} 11. a5 {[%emt 0:02:30]} Be7 {[%emt 0:06:30]} 12. Nbd2 {[%emt 0:01:30]} O-O {[%emt 0:03:30]} 13. Nc4 {[%emt 0:12:30]} Qc7 {[%emt 0:06:30]} 14. Bd2 {[%emt 0:11:30] D29: Queen's Gambit Accepted: Classical main line: 7 Qe2 with early ...Nbd7} Bd5 {[%emt 0:00:30]} 15. Rac1 {[%emt 0:01:30]} Qb7 {[%emt 0:01:30]} 16. Be1 {[%emt 0:03:30]} Rfc8 {[%emt 0:13:30] [#]} 17. Ncd2 $146 {[%emt 0:05:30]} ({Predecessor:} 17. Ba4 Rc7 18. Nce5 Nxe5 19. Nxe5 Rac8 20. Nf3 cxd4 21. Rxc7 Qxc7 22. Qxa6 {0-1 (40) Degerman,L (2503)-Jonkman,H (2410) Andorra 2001}) 17... Bc6 {[%emt 0:04:30]} 18. Bc4 {[%emt 0:06:30]} cxd4 {[%emt 0:03:30]} 19. Nxd4 {[%emt 0:01:30]} (19. exd4 $11 Nd5 20. g3) 19... Bxg2 {[%emt 0:04:30]} 20. Bxa6 {[%emt 0:03:30]} Rxa6 {[%emt 0:02:30]} 21. Rxc8+ {[%emt 0:00:30]} Qxc8 {[%emt 0:00:30]} 22. Kxg2 {[%emt 0:00:00]} Rxa5 {[%emt 0:01:30]} 23. N2b3 {[%emt 0:03:00]} Qb7+ {[%emt 0:04:30]} 24. f3 {[%emt 0:03:30]} Ra2 {[%emt 0:05:30]} 25. Rc1 {[%emt 0:03:30]} Nd5 {[%emt 0:02:30]} 26. Rc2 {[%emt 0:02:30]} g6 {[%emt 0:05:30]} 27. Bf2 {[%emt 0:01:30]} Ne5 {[%emt 0:04:30]} 28. Kf1 {[%emt 0:04:30]} Qa6 {[%emt 0:12:01]} 29. Qxa6 {[%emt 0:01:30]} Rxa6 {[%emt 0:00:04]} 30. Ke2 {[%emt 0:00:00]} Ra2 {[%emt 0:05:44]} 31. Bg3 {[%emt 0:01:00]} Bf6 {[%emt 0:02:43]} 32. Nc5 {[%emt 0:00:30]} h6 {[%emt 0:02:14]} 33. e4 {[%emt 0:07:30]} Nb6 {[%emt 0:00:43]} 34. b3 {[%emt 0:00:30]} Ra1 {[%emt 0:01:46]} 35. Be1 {[%emt 0:04:25]} Nbd7 {[%emt 0:01:50]} 36. Na4 {[%emt 0:03:57]} g5 {[%emt 0:01:15]} 37. Bxb4 {[%emt 0:03:46]} Ng6 {[%emt 0:00:18]} 38. Bc3 {[%emt 0:03:01]} Nf4+ {[%emt 0:00:26]} 39. Ke3 {[%emt 0:00:21]} Rb1 {[%emt 0:00:56]} 40. b4 {[%emt 0:03:37]} Ne5 {[%emt 0:01:30]} 41. Nb2 {[%emt 0:03:23]} Nd7 {[%emt 0:07:30]} 42. Nc4 {[%emt 0:05:30]} Rd1 {[%emt 0:04:27]} 43. Nb2 {[%emt 0:04:30]} Rb1 $11 {[%emt 0:00:30]} 44. Nc4 {[%emt 0:07:55]} Rd1 {[%emt 0:01:54]} 45. Bd2 {[%emt 0:05:31]} Rh1 {[%emt 0:02:56]} 46. Bc3 {[%emt 0:01:41]} 1/2-1/2